Acuerdo posible solución : (Registro nro. 5009)
[ vista simple ]
| 000 -LEADER | |
|---|---|
| fixed length control field | 01255nam a2200265Ia 4500 |
| 003 - CONTROL NUMBER IDENTIFIER | |
| control field | OSt |
| 005 - DATE AND TIME OF LATEST TRANSACTION | |
| control field | 20200423134420.0 |
| 008 - FIXED-LENGTH DATA ELEMENTS--GENERAL INFORMATION | |
| fixed length control field | 191128s2012 ck 000 0 und d |
| 020 ## - INTERNATIONAL STANDARD BOOK NUMBER | |
| International Standard Book Number | 9789589136386 |
| 040 ## - CATALOGING SOURCE | |
| Original cataloging agency | CO-JMCR |
| Transcribing agency | CO-JMCR |
| 041 0# - LANGUAGE CODE | |
| Language code of text/sound track or separate title | spa |
| 082 04 - DEWEY DECIMAL CLASSIFICATION NUMBER | |
| Classification number | 303.69 / |
| Item number | C521a |
| 100 1# - MAIN ENTRY--PERSONAL NAME | |
| Personal name | Chernick, Marc, |
| Relator term | autor |
| 9 (RLIN) | 3435 |
| 245 10 - TITLE STATEMENT | |
| Title | Acuerdo posible solución : |
| Remainder of title | negociada al conflicto armado colombiano / |
| Statement of responsibility, etc. | Marc Chernick |
| 250 ## - EDITION STATEMENT | |
| Edition statement | Tercera edición |
| 260 ## - PUBLICATION, DISTRIBUTION, ETC. | |
| Place of publication, distribution, etc. | Bogotá : |
| Name of publisher, distributor, etc. | Aurora, |
| Date of publication, distribution, etc. | 2012 |
| 300 ## - PHYSICAL DESCRIPTION | |
| Extent | 283 páginas ; |
| Dimensions | 24 cm. |
| 504 ## - BIBLIOGRAPHY, ETC. NOTE | |
| Bibliography, etc. note | Bibliografía: páginas 275-283. |
| 505 ## - FORMATTED CONTENTS NOTE | |
| Formatted contents note | El proceso de paz colombiano desde una perspectiva comparativa -- Los procesos de paz: de La Uribe (1984) a Uribe (2002) -- La comunidad internacional y la paz -- Injusticia, violencia, amnistía y paz -- Injusticia, violencia, amnistía y paz |
| 520 ## - SUMMARY, ETC. | |
| Summary, etc. | La sociedad colombiana está urgida de resolver el prolongado conflicto interno armado. Marc Chernick es profesor asociado de Ciencia Política y director de la maestría en Estudios Latinoamericanos en el Centro de Estudios Latinoamericanos. |
| 650 14 - SUBJECT ADDED ENTRY--TOPICAL TERM | |
| Topical term or geographic name entry element | Violencia |
| Geographic subdivision | Colombia |
| 9 (RLIN) | 3436 |
| 650 24 - SUBJECT ADDED ENTRY--TOPICAL TERM | |
| Topical term or geographic name entry element | Conflicto armado |
| Geographic subdivision | Colombia |
| 9 (RLIN) | 3437 |
| 650 24 - SUBJECT ADDED ENTRY--TOPICAL TERM | |
| Topical term or geographic name entry element | Paz |
| Geographic subdivision | Colombia |
| 9 (RLIN) | 3438 |
| 942 ## - ADDED ENTRY ELEMENTS (KOHA) | |
| Source of classification or shelving scheme | Dewey Decimal Classification |
| Koha item type | Books |
| Withdrawn status | Lost status | Source of classification or shelving scheme | Materials specified (bound volume or other part) | Damaged status | Not for loan | Home library | Current library | Shelving location | Date acquired | Source of acquisition | Cost, normal purchase price | Total Checkouts | Full call number | Barcode | Date last seen | Copy number | Price effective from | Koha item type |
|---|---|---|---|---|---|---|---|---|---|---|---|---|---|---|---|---|---|---|
| Dewey Decimal Classification | Donación--15/04/2018-- | Biblioteca Pública José María del Castillo y Rada | Biblioteca Pública José María del Castillo y Rada | General Stacks | 11/28/2019 | Donación | 0.00 | 303.69 / C521a | 430001134 | 05/16/2024 | Ej.1 | 11/28/2019 | Books |